Champions League Trivia - Statistics

General Stats
  • This quiz has been taken 45 times
    14 since last reset
  • The average score is 166 of 273
Answer Stats
Team % Correct
Chelsea
100%
AC Milan
91%
Arsenal
91%
Barcelona
91%
Inter Milan
91%
Liverpool
91%
Manchester City
91%
Manchester United
91%
Paris Saint-Germain
91%
Real Madrid
91%
Tottenham Hotspur
91%
Ajax
82%
Atletico Madrid
82%
Bayern Munich
82%
Borussia Dortmund
82%
FC Porto
82%
Juventus
82%
Marseille
82%
Nottingham Forest
82%
AS Roma
73%
Celtic
73%
Cristiano Ronaldo
73%
Lionel Messi -Neymar - Cristiano Ronaldo
73%
PSV Eindhoven
73%
AS Monaco
64%
Aston Villa
64%
England
64%
Feyenoord
64%
Germany
64%
Hamburger SV
64%
Kylian Mbappé - Harry Kane
64%
Lionel Messi
64%
Portugal
64%
SL Benfica
64%
Spain
64%
Alfredo Di Stéfano
55%
Austria
55%
Erling Haaland
55%
Ferenc Puskás
55%
France
55%
Heinz Strehl -Alfredo Di Stéfano - Justo Tejada - Ferenc Puskás
55%
Italy
55%
Karim Benzema
55%
Red Star Belgrade
55%
Russia
55%
Scotland
55%
Switzerland
55%
Bayer Leverkusen
45%
Belgium
45%
Club Brugge
45%
Eusébio
45%
Eusébio -José Torres
45%
Flórián Albert -Eusébio
45%
Greece
45%
Jean-Pierre Papin -Romário
45%
Leeds United
45%
Mälmo
45%
Marco Van Basten
45%
Netherlands
45%
Peter Pacult -Jean-Pierre Papin
45%
Ruud van Nistelrooy
45%
Sergei Yuran -Jean-Pierre Papin
45%
Turkey
45%
Ukraine
45%
Valencia
45%
Wales
45%
Alessandro Del Piero
36%
Andriy Shevchenko
36%
Andriy Shevchenko -Dwight Yorke
36%
Eduard Markarov -Gerd Müller
36%
Fiorentina
36%
Franco Cucinotta -Gerd Müller
36%
Gerd Müller
36%
Kaká
36%
Mário Jardel -Rivaldo - Raúl González
36%
Panathinaikos
36%
Raúl González
36%
Romário
36%
Stade de Reims
36%
Steaua Bucuresti
36%
Yugoslavia
36%
Eintracht Frankfurt
27%
Fernando Morientes
27%
Just Fontaine
27%
Partizan Belgrade
27%
Robert Lewandowski
27%
West Germany
27%
Borussia Monchengladbach
18%
Denis Law
18%
George Weah
18%
Raphinha - Serhou Guirassy
18%
Sampdoria
18%
Wynton Rufer -Ronald Koeman
18%
Jari Litmanen
9%
Johan Cruyff -Antal Dunai - Lou Macari - Sylvester Takač
9%
Paolo Rossi
9%
Saint-Ettiene
9%
Allan Simonsen
0%
Altafini Mazzola
0%
Antonis Antoniadis
0%
Boro Cvetković
0%
Claudio Sulser
0%
Dennis Viollet
0%
Dieter Hoeneß
0%
Jean-Marc Ferreri -Gheorghe Hagi - Rabah Madjer - Ally McCoist - Míchel - Petar Novák - Rui Águas
0%
José Águas
0%
Jupp Heynckes
0%
Mick Jones
0%
Milinko Pantić
0%
Miloš Milutinović
0%
Paul Van Himst -Jürgen Piepenburg
0%
Søren Lerby
0%
Terry McDermott -Karl-Heinz Rummenigge - Graeme Souness
0%
Torbjörn Nilsson
0%
Torbjörn Nilsson -Michel Platini
0%
Viktor Sokol
0%
Vladimir Kovačević -Sandro Mazzola - Ferenc Puskás
0%
No matching quizzes found
Score Distribution
Percent of People with Each Score
Percentile by Number Answered
Your Score History
You have not taken this quiz since the last reset